00634nam a22002057a 450000500170000000800410001702000150005802000180007304000130009105000220010410000170012624500830014325000340022626000430026030000400030350000220034365000250036570000170039070000210040720221228132458.0221228b |||||||| |||| 00| 0 eng d a1292150890 a9781292150895 aKMUcKMU aHB 172.5 Cas 2017 aCase, Karl E aPrinciples of macroeconomics /cKarl E. Case, Ray C. Fair and Sharon E. Oster. a20th edition.bGlobal Edition aEngland ;bPearson Education ,c2017 . a474 pages :bIllustration ;c27 cm. aIncludes an index 2OclcaMacroeconomics aFair, Ray C. aOster, Sharon E.